Countries that Export the Most - Statistics

General Stats
  • This quiz has been taken 73 times
  • The average score is 26 of 30
Answer Stats
Hint Answer % Correct
23rd Place: 258,111 Brazil
100%
1st Place: 2,750,810 China
100%
3rd Place: 1,436,855 Germany
100%
12th Place: 432,549 Russia
100%
6th Place: 585,900 France
98%
7th Place: 533,673 Italy
98%
4th Place: 807,964 Japan
98%
9th Place: 478,416 Mexico
98%
2nd Place: 1,573,643 United States of America
98%
20th Place: 276,349 Australia
97%
19th Place: 284,716 India
97%
16th Place: 313,561 Spain
97%
11th Place: 447,304 United Kingdom
97%
10th Place: 461,286 Canada
93%
26th Place: 206,031 Indonesia
92%
5th Place: 601,731 South Korea
92%
24th Place: 238,209 Poland
90%
30th Place: 168,162 Turkey
90%
18th Place: 292,221 Saudi Arabia
85%
22nd Place: 260,401 Thailand
85%
17th Place: 294,644 Vietnam
85%
15th Place: 318,317 Switzerland
84%
13th Place: 356,977 Belgium
82%
8th Place: 511,600 Netherlands
82%
29th Place: 173,396 Austria
80%
14th Place: 325,990 Malaysia
74%
25th Place: 210,456 United Arab Emirates
72%
21st Place: 266,825 Singapore
66%
27th Place: 198,439 Ireland
64%
28th Place: 179,790 Czech Republic
54%
No matching quizzes found
Score Distribution
Percent of People with Each Score
Percentile by Number Answered
Your Score History
You have not taken this quiz